| 000 | 00337nam a2200133 4500 | ||
|---|---|---|---|
| 245 |
_aKing Richard II _cedited by Peter Ure |
||
| 100 | _aShakespeare, William | ||
| 710 | _aUre Peter | ||
| 250 | _a5th ed. | ||
| 260 |
_aLondon _bMethuen _c1966 |
||
| 300 | _aLxxiv,210p.; 21cm.- | ||
| 490 | _aArden Shakespeare | ||
| 082 |
_a822.33X3 _bSHA |
||
| 999 |
_c11290 _d11290 |
||